Primera caída en 20 años y mirando con optimismo a India : Panorama de la nuez chilena.

Una baja productiva debido a una menor producción y calibres más pequeños de la fruta, marcarán este 2023, donde se ve con optimismo el crecimiento en un mercado gigante como el indio, proyectándose para esta campaña un aumento de dos dígitos en las exportaciones.

Saved in:
Bibliografiske detaljer
Format: Bog
Sprog:spansk
Tags: Tilføj Tag
Ingen Tags, Vær først til at tagge denne postø!

MARC

LEADER 00000nam a22000005a 4500
003 CL-ChUAC
005 20230912112536.0
007 ta
008 230912s2023 cl ||||| |||| 000 ||spa
022 |a 0718-0802 
040 |a CL-ChUAC  |b spa  |c CL-ChUAC  |e rda 
245 1 0 |a Primera caída en 20 años y mirando con optimismo a India :  |b Panorama de la nuez chilena. 
336 |2 rdacontent  |a text  |b txt 
337 |2 rdamedia  |a unmediated  |b n 
338 |2 rdacarrier  |a volume  |b nc 
520 3 |a Una baja productiva debido a una menor producción y calibres más pequeños de la fruta, marcarán este 2023, donde se ve con optimismo el crecimiento en un mercado gigante como el indio, proyectándose para esta campaña un aumento de dos dígitos en las exportaciones.  
773 0 |d Santiago de Chile  |g Número 137, Julio/Agosto 2023, páginas 50-53  |t Redagrícola  
942 |2 ddc  |c AREV 
952 |0 0  |1 0  |2 ddc  |4 0  |6 REDAGRÍCOLA__NÚMERO_137_JULIO_AGOSTO_2023_000000000000000  |7 0  |9 1175621  |a UNACH  |b UNACH  |c HEM  |d 2023-09-12  |l 0  |o Redagrícola, Número 137, Julio/Agosto 2023  |p 111470  |r 2023-09-12 00:00:00  |w 2023-09-12  |y AREV 
999 |c 2369488  |d 2369488